Welcome to CU Library Online Public Access Catalogue (OPAC)

The Handbook of Media Handling (Record no. 2155)

MARC details
000 -LEADER
fixed length control field 00496nam a22001817a 4500
005 - DATE AND TIME OF LATEST TRANSACTION
control field 20241213134021.0
008 - FIXED-LENGTH DATA ELEMENTS--GENERAL INFORMATION
fixed length control field 241213b |||||||| |||| 00| 0 eng d
020 ## - INTERNATIONAL STANDARD BOOK NUMBER
International Standard Book Number 9788179290828
050 ## - LIBRARY OF CONGRESS CALL NUMBER
Classification number HD59
Item number .C53 CLA
100 ## - MAIN ENTRY--PERSONAL NAME
Personal name Clare John
245 ## - TITLE STATEMENT
Title The Handbook of Media Handling
Statement of responsibility, etc. John Clare
250 ## - EDITION STATEMENT
Edition statement 1st Ed.
260 ## - PUBLICATION, DISTRIBUTION, ETC.
Place of publication, distribution, etc. New Delhi
Name of publisher, distributor, etc. Infinity Books
Date of publication, distribution, etc. 2004
300 ## - PHYSICAL DESCRIPTION
Extent xxi. 138p.
Dimensions 21.5 cm x 14 cm
500 ## - GENERAL NOTE
General note Includes Index
650 ## - SUBJECT ADDED ENTRY--TOPICAL TERM
Source of heading or term Media Handling
942 ## - ADDED ENTRY ELEMENTS (KOHA)
Source of classification or shelving scheme Library of Congress Classification
Koha item type Books
Edition 1st Ed.
Suppress in OPAC No
999 ## -
-- 2155
-- 2155
Holdings
Withdrawn status Lost status Source of classification or shelving scheme Damaged status Not for loan Collection Home library Current library Shelving location Date acquired Total checkouts Full call number Barcode Date last seen Copy number Price effective from Koha item type
    Library of Congress Classification     Non-fiction Business Library (Miotso) Business Library (Miotso) General stacks 12/13/2024   HD59 .C53 CLA BSSM00000320 12/13/2024 1 12/13/2024 Books
    Library of Congress Classification     Non-fiction Business Library (Miotso) Business Library (Miotso) General stacks 12/13/2024   HD59 .C53 CLA BSSM00000321 12/13/2024 2 12/13/2024 Books
    Library of Congress Classification     Non-fiction Business Library (Miotso) Business Library (Miotso) General stacks 12/13/2024   HD59 .C53 CLA BSSM00000322 12/13/2024 3 12/13/2024 Books
© 2023-2024 Copyright: Central University Libraries. All Rights Reserved | Created by: Mahone Tech Office